00367nam a2200133Ia 4500003000400000005001700004008004100021040000700062082001900069100003300088245007000121260003400191365000800225OSt20230608152729.0210423s2004 xx 000 0 und d cAL a658.3 KRIP223 aKRISHNA (G R);AQUINAS (P G). aPersonnel or human resource management: principles and practices. aNew DelhibAuthor Pressc2004 cINR